| Поле | Название | Значение |
| |
Тип записи |
a |
| |
Библиографический уровень |
m |
| 001 |
Контрольный номер |
RU/IS/BASE/481647243 |
| 005 |
Дата корректировки |
20240214151312.8 |
| 010 |
Индекс ISBN |
__ |
| a |
ISBN |
978-5-235-03622-2 (в пер.) |
| d |
Цена |
403-92 |
| 100 |
Данные общей обработки |
__ |
| a |
Данные общей обработки |
19150406d2013||||||| 1rusy0189 ca |
| 101 |
Язык документа |
0_ |
| a |
Язык текста |
rus |
| 102 |
Страна публикации |
__ |
| a |
Страна публикации |
||| |
| 105 |
Кодированные данные (монография) |
__ |
| a |
Кодированные данные (монография) |
aoс|||||000zy |
| 200 |
Заглавие и сведения об ответственности |
1_ |
| a |
Заглавие |
Онассис |
| e |
Сведения, относящиеся к заглавию |
проклятие богини : [12+] |
| f |
Первые сведения об ответственности |
Сергей Марков |
| b |
Общее обозначение материала |
Текст |
| 210 |
Выходные данные |
1_ |
| a |
Место издания |
Москва |
| c |
Издательство |
Молодая гвардия |
| d |
Дата издания |
2013 |
| 215 |
Физическое описание |
__ |
| a |
Объем |
359, [1] с. |
| c |
Иллюстрации/тип воспроизводства |
портр., фот. |
| d |
Формат |
17 см |
| 225 |
Серия |
2_ |
| a |
Серия |
Жизнь замечательных людей: Серия биографий |
| i |
Наименование части |
Малая серия |
| v |
Обозначение тома |
вып. 48 |
| 300 |
Общие примечания |
__ |
| a |
Общие примечания |
На обл. загл. сер.: ЖЗЛ - малая серия |
| 300 |
Общие примечания |
__ |
| a |
Общие примечания |
На обороте тит. л. и в вып. дан. указ.: 16+ |
| 300 |
Общие примечания |
__ |
| a |
Общие примечания |
4000 экз. |
| 320 |
Библиография |
__ |
| a |
Библиография |
Библиография: с. 358 |
| 330 |
Аннотация |
__ |
| a |
Аннотация |
В своей новой книге писатель Сергей Марков рассказывает о человеке, имя которого в XX веке ассоциировалось с баснословным, несметным богатством и отсутствием каких-либо принципов, кроме одного - "Деньги не пахнут". Магнат, авантюрист международного масштаба, мистификатор, подделыватель документов, величайший повеса (притом что сам внешностью не блистал, он имел оглушительный успех у прекрасного пола), друг Уинстона Черчилля и Греты Гарбо... У него были романы с потрясающими женщинами. Он даже окольцевал вдову президента США Джона Кеннеди - Жаклин. Но самой большой, настоящей его любовью являлась оперная дива - Божественная Мария Каллас. Имя этого человека - Аристотель Сократес Онассис (1906-1975). |
| 333 |
Примечание о целевом назначении |
__ |
| a |
Примечание о целевом назначении |
12+. Для детей старше 12 лет |
| 600 |
Персоналии |
_1 |
| a |
Персоналии (Фамилия) |
Онассис, А. |
| c |
Дополнение к имени |
предприниматель |
| f |
Даты |
1906-1975 |
| g |
Полное имя |
Аристотель |
| 606 |
Тематические рубрики |
__ |
| a |
Основная рубрика |
История |
| 606 |
Тематические рубрики |
__ |
| a |
Основная рубрика |
Европа с 1918 г. - |
| y |
Географическая подрубрика |
Греция |
| 610 |
Ключевые слова |
0_ |
| a |
Ключевые слова |
биографии |
| a |
Ключевые слова |
биографические материалы |
| a |
Ключевые слова |
биографические сведения |
| a |
Ключевые слова |
женщины |
| a |
Ключевые слова |
личная жизнь |
| a |
Ключевые слова |
любовь |
| a |
Ключевые слова |
миллиардеры |
| a |
Ключевые слова |
персоналии |
| a |
Ключевые слова |
профессиональная деятельность |
| 686 |
Индексы других классификаций |
__ |
| 2 |
Код системы |
rubbks |
| a |
Классификационный индекс |
63.3(4Гре)6-8; ст63.3(4Гре)-8 |
| 700 |
Автор |
_1 |
| a |
Фамилия |
Марков |
| b |
Имя |
С. А. |
| g |
Полное личное имя |
Сергей Алексеевич |
| 4 |
Код отношения |
070 |
| 801 |
Источник записи |
_0 |
| a |
Страна |
|| |
| b |
Организация |
Муниципальное бюджетное учреждение культуры "Централизованная библиотечная система" г. Сургут (Центральная городская библиотека им. А. С. Пушкина) |
| c |
Дата составления |
20150406 |
| g |
Правила каталогизации |
КиК/Коробейникова |
| 801 |
Источник записи |
_1 |
| a |
Страна |
|| |
| b |
Организация |
Муниципальное бюджетное учреждение культуры "Централизованная библиотечная система" г. Сургут (Центральная городская библиотека им. А. С. Пушкина) |
| c |
Дата составления |
20150406 |
| g |
Правила каталогизации |
КиК/Коробейникова |
| 852 |
Данные о местонахождении |
__ |
| j |
Шифр хранения |
63.3(4Гре)6-8 |
| i |
Авторский знак |
М 26 |
| 901 |
Тип документа |
__ |
| t |
Тип документа |
m |
| 903 |
Характеристики (МАРС) |
__ |
| a |
Дата передачи |
20150406 |
| 990 |
Данные о заказе (DOS) |
__ |
| j |
Количество экземпляров (DOS) |
9 |
| t |
N записи в КСУ для И/У (DOS) |
201504 |